000 00486nam a22001817a 4500
003 MPLRDC
005 20220104123952.0
008 210129b ||||| |||| 00| 0 eng d
082 _a820.9 ZQY v.3
100 _a张其昀等著
245 _a中国文学史论集. 三
_c
250 _a初版
260 _a台湾
_b中华文化出版事业委员会
_c1958
300 _b982
490 _a现代国民基本知识丛书. 5
650 _a中国文学史
942 _cBK
_o820.9 ZQY v.3
999 _c15608
_d15598